CPA study text (Record no. 42195)
[ view plain ]
| 000 -LEADER | |
|---|---|
| fixed length control field | 00489 a2200169 4500 |
| 003 - CONTROL NUMBER IDENTIFIER | |
| control field | OSt |
| 005 - DATE AND TIME OF LATEST TRANSACTION | |
| control field | 20131001122950.0 |
| 008 - FIXED-LENGTH DATA ELEMENTS--GENERAL INFORMATION | |
| fixed length control field | 131001b xxu||||| |||| 00| 0 eng d |
| 020 ## - INTERNATIONAL STANDARD BOOK NUMBER | |
| International Standard Book Number | 9789966320360 |
| 040 ## - CATALOGING SOURCE | |
| Transcribing agency | St Paul's University |
| 050 ## - LIBRARY OF CONGRESS CALL NUMBER | |
| Classification number | HF5681.B2 |
| Item number | C63 2012 |
| 245 ## - TITLE STATEMENT | |
| Title | CPA study text |
| Remainder of title | Financial reporting, paper no.9 |
| 260 ## - PUBLICATION, DISTRIBUTION, ETC. (IMPRINT) | |
| Date of publication, distribution, etc | 2012 |
| Name of publisher, distributor, etc | BR Professional Education Ltd |
| Place of publication, distribution, etc | Nairobi, Kenya |
| 300 ## - PHYSICAL DESCRIPTION | |
| Extent | xiv, 269 p |
| Other physical details | ill |
| Dimensions | 30 cm |
| 650 ## - SUBJECT ADDED ENTRY--TOPICAL TERM | |
| Topical term or geographic name as entry element | Financial reporting |
| 942 ## - ADDED ENTRY ELEMENTS (KOHA) | |
| Item type | Book |
| Source of classification or shelving scheme | Library of Congress Classification |
| Withdrawn status | Lost status | Source of classification or shelving scheme | Damaged status | Not for loan | Collection code | Home library | Current library | Shelving location | Date acquired | Source of acquisition | Total Checkouts | Total Renewals | Full call number | Barcode | Date last borrowed | Copy number | Koha item type | Date last seen |
|---|---|---|---|---|---|---|---|---|---|---|---|---|---|---|---|---|---|---|
| Library of Congress Classification | Non-fiction | Bishop Okullu Memorial Library (Limuru Campus) | Bishop Okullu Memorial Library (Limuru Campus) | General Circulation | 01/10/2013 | purchase | 11 | 1 | HF5681.B2 C63 2012 | 037091 | 27/01/2016 | 2 | Book | |||||
| Library of Congress Classification | Non-fiction | Bishop Okullu Memorial Library (Limuru Campus) | Bishop Okullu Memorial Library (Limuru Campus) | General Circulation | 01/10/2013 | purchase | 16 | 3 | HF5681.B2 C63 2012 | 037092 | 12/09/2020 | 3 | Book | |||||
| Library of Congress Classification | Non-fiction | Nairobi Campus | Bishop Okullu Memorial Library (Limuru Campus) | General Circulation | 01/10/2013 | purchase | 13 | 2 | HF5681.B2 C63 2012 | 037094 | 05/02/2026 | 5 | Book | 13/02/2026 | ||||
| Library of Congress Classification | Non-fiction | Nakuru Campus | Bishop Okullu Memorial Library (Limuru Campus) | General Circulation | 01/10/2013 | purchase | 4 | HF5681.B2 C63 2012 | 037096 | 04/06/2020 | 7 | Book | ||||||
| Library of Congress Classification | Non-fiction | Nairobi Campus | Nairobi Campus | General Circulation | 01/10/2013 | purchase | 19 | 2 | HF5681.B2 C63 2012 | 037093 | 21/03/2019 | 4 | Book | |||||
| Library of Congress Classification | Non-fiction | Nairobi Campus | Nairobi Campus | General Circulation | 01/10/2013 | purchase | 15 | 2 | HF5681.B2 C63 2012 | 037095 | 18/06/2019 | 6 | Book | |||||
| Library of Congress Classification | Non-fiction | Nakuru Campus | Nakuru Campus | General Circulation | 01/10/2013 | purchase | 6 | 1 | HF5681.B2 C63 2012 | 037097 | 27/07/2019 | 8 | Book |